000 00473nam a2200181Ia 4500
005 20250508150744.0
008 008 250505s9999 xx 000 0 eng d
037 _aTextual
040 _aFEDL
_beng
_cFEDL
041 _aeng
_2eng
084 _aF, BUN
_qFEDL
100 _aBunyan John
245 0 _aPilgrim's proress
260 _aNew York, USA
_bRinehart and Company, Inc
_c1949
300 _axv,329p
942 _cTEXL
_hF, BUN
999 _c1325470
_d1325470